Score 0/68 Timer 15:00
0 Plays Today
% Correct
Archangel
99.5%
Beast
99%
Bishop
97.9%
Wolverine
97.9%
Banshee
97.4%
Cyclops
97.4%
Gambit
97.4%
Havok
97.4%
Apocalypse
96.9%
Colossus
96.9%
Jubilee
96.9%
Sabretooth
96.9%
Cable
96.4%
Nightcrawler
96.4%
Jean Grey
95.9%
Magneto
95.9%
Quicksilver
95.9%
Rogue
95.9%
Scarlet Witch
95.9%
Spider-Man
95.9%
Professor X
95.4%
Phoenix
95.4%
Captain America
95.4%
Iceman
94.8%
Mr. Sinister
94.8%
Storm
94.8%
Domino
94.3%
Elektra
94.3%
Polaris
93.8%
Cannonball
93.3%
Forge
91.2%
Invisible Woman
90.7%
Onslaught
89.2%
Puck
87.1%
% Correct
Shadowcat
86.6%
Dark Beast
84%
Sunfire
84%
Stryfe
83.5%
Franklin Richards
80.9%
X-Man
78.9%
Legion
76.8%
Weapon X
75.3%
Lilandra
72.2%
Joseph
71.1%
Exodus
70.6%
Magik
70.1%
Holocaust
69.6%
Wendigo
69.6%
Deathbird
68.6%
Black Knight
68%
Vindicator
67%
Maverick
65.5%
Constrictor
64.4%
Wild Child
63.9%
Fabian Cortez
59.8%
Madelyne Pryor
59.8%
Shard
57.7%
Meltdown
56.7%
Mariko Yashida
56.7%
Fitzroy
52.1%
Bastion
51.5%
Graydon Creed
47.9%
Nimrod
38.7%
Emplate
38.1%
Genesis
35.1%
Mother Askani
29.9%
Tusk
25.3%
Master Mold
22.2%
Remove Ads.
Support Sporcle.
Get the best of Sporcle when you Go Orange. This ad-free experience offers more features, more stats, and more fun while also helping to support Sporcle. Thank you for becoming a member.

You're not logged in!

Compare scores with friends on all Sporcle quizzes.
OR
Log In

Show Comments

Extras

Top Quizzes Today


Score Distribution

Your Account Isn't Verified!

In order to create a playlist on Sporcle, you need to verify the email address you used during registration. Go to your Sporcle Settings to finish the process.

Report this User

Report this user for behavior that violates our Community Guidelines.

Details: